00429cam a22001337a 4500008004000000020001500040082001300055100002100068245007000089260003700159300001000196650005200206650003700258180718b2001 xxu||||| |||| 00| 0 eng d a019579561X aA99 Sh13 aShah, Sajjad Ali aLaw courts in a glass house: an autobiographycby Sajjad Ali Shah aOxfordbOxford Univ. Pressc2001 a834p. aShah, Sajjad Ali - Criticism and interpretation aShah, Sajjad Ali - Autobiography